Aspectos sociales del desarrollo económico a la luz de la encíclica `Mater et Magistra`. (Record no. 143129)

MARC details
000 -LEADER
campo de control de longitud fija 00585nam a2200181 4500
001 - NÚMERO DE CONTROL
campo de control 143129
003 - IDENTIFICADOR DE NÚMERO DE CONTROL
campo de control ES-MaACL
005 - FECHA Y HORA DE LA ÚLTIMA TRANSACCIÓN
campo de control 20230906200731.0
007 - CAMPO FIJO DE DESCRIPCIÓN FÍSICA--INFORMACIÓN GENERAL
campo de control de longitud fija t|
008 - DATOS DE LONGITUD FIJA--INFORMACIÓN GENERAL
campo de control de longitud fija 070214s1962 sp r ||||1| spa d
111 2# - ENTRADA PRINCIPAL--NOMBRE DE CONGRESO/REUNIÓN
Nombre de congreso/reunión o jurisdicción como elemento de entrada Semana Social de España (
Sede del congreso/Lugar de la reunión Granada (
Fecha del congreso o de la firma del tratado 1961) (
Número del congreso/reunión o número de parte o sección . 20ª)
9 (RLIN) 220860
245 10 - MENCIÓN DEL TÍTULO
Título Aspectos sociales del desarrollo económico a la luz de la encíclica `Mater et Magistra`.
260 ## - PUBLICACIÓN, DISTRIBUCIÓN, ETC.
Lugar de publicación, distribución, etc. Madrid :
Nombre del editor, distribuidor, etc. Rialp,
Fecha de publicación, distribución, etc. 1962.
300 ## - DESCRIPCIÓN FÍSICA
Extensión 643 p. ;
Dimensiones 25 cm.
500 ## - NOTA GENERAL
Nota general Precede al tít.: XX Semana-Granada 1961.
852 ## - LOCALIZACIÓN
Ubicación ES-MaACL
Número de control de estantería C-21920
Sublocalización o colección R.50673
Holdings
Estatus retirado Estado de pérdida Estado de daño No para préstamo Biblioteca de origen Biblioteca actual Ubicación en estantería Fecha de adquisición Fuente de adquisición Total de préstamos Signatura topográfica completa Código de barras Visto por última vez Precio de reemplazo Tipo de ítem Koha
        Biblioteca del Ateneo de Madrid Biblioteca del Ateneo de Madrid Galería 17/01/2008     C-21920 1148917 23/02/2023 23/02/2023 Libro impreso